Zápisník zo Slovenska

Bibliographic Details
Main Author: Predmerský, Vladimír, 1932- (Author)
Format: Article
Language:Slovak
Subjects:

MARC

LEADER 00000nab a2200000 ar4500
001 vtls009156338
003 SK-MaSNL
005 20260303064348.0
008 071106c1976 xo |r|p|||||||000 b|slo
015 |a SNBRB2007/11  |2 snkbucl 
038 |a SNKBUCL 
040 |a SNKBUCL  |b slo  |c SNKBUCL  |e AACR2 
041 |a slo 
044 |a xo  |c SK 
080 |a 792.9  |2 1997 
100 1 |a Predmerský, Vladimír,  |d 1932-  |4 aut  |9 206231 
245 1 0 |a Zápisník zo Slovenska  |c Vlado Predmerský 
650 0 7 |a bábkarstvo  |z Slovensko  |2 snkbucl  |9 1062916 
773 0 |t Československý loutkář  |g Roč. 26, č. 6 (1976), s. 131 
852 |a SNK  |b KIS3GCP 
958 |a SK 
999 |c 1746816  |d 1748746